MLB Extra Base Hits Leaders - Statistics

General Stats
  • This quiz has been taken 17 times
  • The average score is 61 of 148
Answer Stats
Year Player % Correct
1918 Babe Ruth
100%
2022 Aaron Judge
93%
2012 Aramis Ramírez
93%
1992 Barry Bonds
93%
1962 Frank Robinson
93%
2017 José Ramírez
93%
1926 Lou Gehrig
93%
1952 Mickey Mantle
93%
1960 Roger Maris
93%
1965 Billy Williams
87%
1923 Cy Williams
87%
1992 Frank Thomas
87%
1922 Ken Williams
87%
1998 Mark McGwire
87%
1999 Sammy Sosa
87%
1939 Ted Williams
87%
Alex Rodriguez
80%
2004 David Ortiz
80%
1959 Henry Aaron
80%
1916 Joe Jackson
80%
1975 Mike Schmidt
80%
2014 Mike Trout
80%
1969 Reggie Jackson
80%
1943 Stan Musial
80%
1955 Willie Mays
80%
2003 Albert Pujols
73%
2018 Mookie Betts
73%
1987 George Bell
67%
1979 George Brett
67%
1903 Honus Wagner
67%
1941 Joe DiMaggio
67%
2013 Paul Goldschmidt
67%
1920 Rogers Hornsby
67%
2023 Shohei Ohtani
67%
1908 Ty Cobb
67%
2021 Bryce Harper
60%
1903 Buck Freeman
60%
1983 Cal Ripken Jr.
60%
1967 Carl Yastrzemski
60%
1968 Frank Howard
60%
2016 Freddie Freeman
60%
1927 Hack Wilson
60%
1962 Harmon Killebrew
60%
1994 Jeff Bagwell
60%
1932 Jimmie Foxx
60%
1993 Ken Griffey Jr.
60%
1997 Larry Walker
60%
1999 Shawn Green
60%
1970 Tommy Harper
60%
1971 Willie Stargell
60%
2017 Giancarlo Stanton
53%
1934 Hank Greenberg
53%
1991 Howard Johnson
53%
1978 Jim Rice
53%
1970 Johnny Bench
53%
2020 José Abreu
53%
2012 Miguel Cabrera
53%
1980 Robin Yount
53%
2000 Todd Helton
53%
1995 Albert Belle
47%
2000 Carlos Delgado
47%
1984 Dale Murphy
47%
1979 Dave Parker
47%
1954 Duke Snider
47%
1984 Dwight Evans
47%
1977 George Foster
47%
1978 Jack Clark
47%
2010 José Bautista
47%
1951 Ralph Kiner
47%
1983 Andre Dawson
40%
1985 Don Mattingly
40%
2001 Jason Giambi
40%
2002 Jeff Kent
40%
2009 Mark Teixeira
40%
2019 Pete Alonso
40%
1971 Reggie Smith
40%
2008 Ryan Braun
40%
1996 Brady Anderson
33%
1990 Cecil Fielder
33%
2013 Chris Davis
33%
2005 Derrek Lee
33%
1964 Dick Allen
33%
1905 Harry Davis
33%
1988 José Canseco
33%
2015 Nolan Arenado
33%
1958 Rocky Colavito
33%
1907 Sam Crawford
33%
1912 Tris Speaker
33%
2002 Alfonso Soriano
27%
1988 Andrés Galarraga
27%
1930 Chuck Klein
27%
1957 Ernie Banks
27%
1976 Graig Nettles
27%
2015 Josh Donaldson
27%
2007 Matt Holliday
27%
1904 Nap Lajoie
27%
1934 Ripper Collins
27%
1981 Tony Armas
27%
1916 Zack Wheat
27%
1929 Al Simmons
20%
2014 Andrew McCutchen
20%
1995 Dante Bichette
20%
1996 Ellis Burks
20%
1912 Heinie Zimmerman
20%
1938 Johnny Mize
20%
1989 Kevin Mitchell
20%
1982 Al Oliver
13%
1953 Al Rosen
13%
1931 Babe Herman
13%
1990 Bobby Bonilla
13%
1972 Bobby Murcer
13%
1936 Hal Trosky
13%
1952 Hank Sauer
13%
1935 Joe Medwick
13%
2021 Marcus Semien
13%
1973 Sal Bando
13%
1945 Tommy Holmes
13%
1964 Tony Oliva
13%
2003 Vernon Wells
13%
2022 Austin Riley
7%
1942 Enos Slaughter
7%
2006 Grady Sizemore
7%
1951 Gus Zernial
7%
1977 Hal McRae
7%
2011 Jacoby Ellsbury
7%
1926 Jim Bottomley
7%
2019 Rafael Devers
7%
1989 Rubén Sierra
7%
1943 Rudy York
7%
2018 Trevor Story
7%
2008 Aubrey Huff
0%
1919 Benny Kauff
0%
1925 Bob Meusel
0%
1905 Cy Seymour
0%
1963 Dick Stuart
0%
1911 Frank Schulte
0%
1913 Gavy Cravath
0%
1974 Joe Rudi
0%
1944 Johnny Lindell
0%
1987 Juan Samuel
0%
1954 Mickey Vernon
0%
1941 Pete Reiser
0%
1957 Roy Sievers
0%
1906 Sherry Magee
0%
1945 Snuffy Stirnweiss
0%
1948 Tommy Henrich
0%
1986 Von Hayes
0%
1965 Zoilo Versalles
0%
No matching quizzes found
Score Distribution
Percent of People with Each Score
Percentile by Number Answered
Your Score History
You have not taken this quiz